Mr right berkopiah

Saved in:
Bibliographic Details
Format: Book
Language:English
Tags: Add Tag
No Tags, Be the first to tag this record!
Call Number :

MARC

LEADER 00000nam a2200000 a 4500
001 100851
003 MY-KLNDU
005 20241220035603.0
008 161221 000 0 eng d
020 |a 9789670411286 
039 9 |y 201612211534  |z hasniza 
245 1 |a Mr right berkopiah 
999 |a vtls000058201  |c 100851  |d 100851